000 00791nam a22002297a 4500
003 OSt
005 20240710153027.0
008 240710b ||||| |||| 00| 0 eng d
022 _a15234223
040 _cAIMIT LIBRARY
082 _a658.3
_bHUMR
110 _aAcademy of Human Resource Development
_9173050
245 _aAdvances in developing human resources /
_cBy Academy of Human Resource Development
260 _aNew Delhi :
_bSage ,
_c2019.
300 _bHB
_c21 cm.
440 _aAdvances in developing human resources
_vVol.21 No.1-4/2019
_9173051
440 _vVol.20 No.1-4/2018
650 _aIntroduction to meta science in HRD
_9173052
650 _aStatistical reporting
_9173053
650 _aIntroduction and purpose of the issue
_9173054
942 _2ddc
_cBV
_k658.3 HUMR
999 _c231430
_d231430